Les villes de France par leur place la plus célèbre - Statistiques

Statistiques générales
  • Ce quiz a été pris 70 fois
  • Le résultat moyen est 9 sur 11
Statistiques - réponses
Place Ville % Correct
Place de la Concorde Paris
100%
Place du Capitole Toulouse
95%
Place de la Bourse Bordeaux
94%
Place Kléber Strasbourg
92%
Grand-Place de ... Lille
91%
Place Castellane Marseille
91%
Place Bellecour Lyon
89%
Place Masséna Nice
89%
Place Royale Nantes
79%
Place du Parlement Rennes
77%
Place de Jaude Clermont-Ferrand
45%
Aucun quiz correspondant
Distribution des résultats
% des personnes avec chaque résultat
Percentile par nombre de réponses
Votre historique - résultats
Vous n’avez pas pris ce quiz